000 00315nam a2200145Ia 4500
100 _aHetzel/ Bill
942 _cBK
654 _aComputer
245 _aMaking Softwares measurement work
260 _bShroff Publishers
_aBombay
_c1993
082 _a5.14
_bPAN
300 _a504
546 _aENGLISH
999 _c28703
_d28703